000 00220nam a2200097Ia 4500
008 220216s9999 xx 000 0 und d
245 0 _a30 varsham aadhayam
260 _bKarshakasree
_c2008
300 _a18-19
942 _cJS
999 _c53242
_d53242